000 00472nam a2200169Ia 4500
008 190423s9999 xx 000 0 und d
100 _aKumfert, Cornelia
245 _aHidden gems/
245 _cCornelia Kumfert
260 _bReader's Digest Asia
260 _c2019
300 _aPages 68-73, February 2019
440 _aAsia Reader's Digest: The Power of fake pills
_v115:672
650 _aAmusement park
650 _aHistorical places
650 _aTourist spot
999 _c361503
_d361503